| 000 | 00486 a2200193 4500 | ||
|---|---|---|---|
| 003 | OSt | ||
| 005 | 20180116182841.0 | ||
| 008 | 160817b xxu||||| |||| 00| 0 eng d | ||
| 020 | _a0 | ||
| 040 | _c0 | ||
| 082 | _a650.14 SKE 1995 | ||
| 100 | _aJudy Skeats | ||
| 245 | _aHow to Succeed in Interviews. | ||
| 260 |
_aNew Delhi _c1995 _bCompetition Review |
||
| 300 |
_a125 _bPB. |
||
| 440 | _aHow to Succeed in Interviews. | ||
| 500 | _aPB. | ||
| 942 |
_aNBS _cBK _k650.14 SKE 1988 _2ddc |
||
| 999 |
_c347205 _d347205 |
||